[Event "Malakhatko Memorial op"]
[Site "Chess.com INT"]
[Date "2023.06.14"]
[Round "6"]
[White "Havryliuk, Yehor"]
[Black "Rozenfeld, Yevgeniy"]
[Result "0-1"]
[WhiteElo "1667"]
[BlackElo "1947"]
[PlyCount "34"]
[EventDate "2023.06.14"]
[EventType "swiss (blitz)"]
[EventRounds "11"]
[EventCountry "USA"]
[SourceTitle "CBM 214 Extra"]
[Source "ChessBase"]
[SourceDate "2023.07.31"]
[SourceVersion "1"]
[SourceVersionDate "2023.07.31"]
[SourceQuality "1"]

1. e4 c5 2. Nf3 e6 3. g3 a6 4. Bg2 d6 5. 0-0 Nc6 6. d4 cxd4 7. Nxd4 Nf6 8. Nc3 Be7 9. Bg5 Qc7 10. h4 h6 11. Be3 0-0 12. Qd2 Ng4 13. a4 Nxe3 14. Qxe3 Ne5 15. b3 Bd7 16. Qd2 Rac8 17. Rac1 Qxc3 0-1

[Event "Malakhatko Memorial op"]
[Site "Chess.com INT"]
[Date "2023.06.14"]
[Round "10"]
[White "Rozenfeld, Yevgeniy"]
[Black "Zhukova, Natalia"]
[Result "0-1"]
[WhiteElo "1947"]
[BlackElo "2324"]
[PlyCount "70"]
[EventDate "2023.06.14"]
[EventType "swiss (blitz)"]
[EventRounds "11"]
[EventCountry "USA"]
[SourceTitle "CBM 214 Extra"]
[Source "ChessBase"]
[SourceDate "2023.07.31"]
[SourceVersion "1"]
[SourceVersionDate "2023.07.31"]
[SourceQuality "1"]

1. e4 e5 2. Nf3 Nc6 3. Bc4 Bc5 4. c3 Nf6 5. d3 0-0 6. Bb3 a5 7. Nbd2 d5 8. Qe2 a4 9. Bc2 a3 10. b4 Bb6 11. b5 Na7 12. Rb1 Re8 13. 0-0 c6 14. bxc6 bxc6 15. Bb3 Nb5 16. exd5 Nxc3 17. Qe1 Nxb1 18. Nxb1 Nxd5 19. Nxa3 Bf5 20. Qd1 Nb4 21. Bg5 Qd7 22. Nc4 Bc7 23. Re1 Nxd3 24. Re3 Nc5 25. Qxd7 Nxd7 26. h3 Kf8 27. g4 Bb1 28. Re1 Bxa2 29. Bxa2 Rxa2 30. Rd1 Nb6 31. Be3 Nxc4 32. Bc5+ Kg8 33. Rd7 Bb6 34. Bb4 Bxf2+ 35. Kf1 Ne3# 0-1

[Event "Malakhatko Memorial op"]
[Site "Chess.com INT"]
[Date "2023.06.14"]
[Round "5"]
[White "Shykyravyi, Denys"]
[Black "Rozenfeld, Yevgeniy"]
[Result "1-0"]
[WhiteElo "1566"]
[BlackElo "1947"]
[PlyCount "57"]
[EventDate "2023.06.14"]
[EventType "swiss (blitz)"]
[EventRounds "11"]
[EventCountry "USA"]
[SourceTitle "CBM 214 Extra"]
[Source "ChessBase"]
[SourceDate "2023.07.31"]
[SourceVersion "1"]
[SourceVersionDate "2023.07.31"]
[SourceQuality "1"]

1. d3 e5 2. c4 g6 3. Nc3 Bg7 4. Nf3 d6 5. g3 f5 6. Bg2 Nf6 7. 0-0 0-0 8. e4 h6 9. Qb3 Kh7 10. exf5 Bxf5 11. d4 e4 12. Nh4 Qc8 13. Nxf5 gxf5 14. Bh3 Nc6 15. Rd1 Nh5 16. Nxe4 Nxd4 17. Rxd4 Bxd4 18. Qd3 Bb6 19. g4 fxe4 20. Qxe4+ Kh8 21. Bxh6 Rxf2 22. Be3 Bxe3 23. Qxe3 Rf8 24. Qh6+ Kg8 25. Qxh5 Qd8 26. Qg6+ Kh8 27. Qh6+ Kg8 28. g5 Rf7 29. Be6 1-0

[Event "Malakhatko Memorial op"]
[Site "Chess.com INT"]
[Date "2023.06.14"]
[Round "3"]
[White "Zubarev, Alexander2222"]
[Black "Rozenfeld, Yevgeniy"]
[Result "1-0"]
[WhiteElo "2372"]
[BlackElo "1947"]
[PlyCount "65"]
[EventDate "2023.06.14"]
[EventType "swiss (blitz)"]
[EventRounds "11"]
[EventCountry "USA"]
[SourceTitle "CBM 214 Extra"]
[Source "ChessBase"]
[SourceDate "2023.07.31"]
[SourceVersion "1"]
[SourceVersionDate "2023.07.31"]
[SourceQuality "1"]

1. Nf3 Nf6 2. c4 g6 3. Nc3 Bg7 4. g3 0-0 5. Bg2 d6 6. 0-0 e5 7. Rb1 a5 8. a3 h6 9. d3 c6 10. b4 axb4 11. axb4 Be6 12. c5 dxc5 13. bxc5 Qc7 14. h3 Nbd7 15. Be3 Ra3 16. Qc1 Rfa8 17. d4 Nd5 18. Nxd5 Bxd5 19. Bxh6 Bxf3 20. Bxf3 exd4 21. Bxg7 Kxg7 22. Qb2 R3a4 23. Rfd1 Nxc5 24. Rxd4 Ra2 25. Qc3 R2a3 26. Qxc5 f6 27. Rbd1 Ra1 28. Kg2 Rxd1 29. Rxd1 Ra5 30. Qc3 Re5 31. Rb1 Re7 32. h4 Qd6 33. Rb4 1-0

[Event "World Corporate East A"]
[Site "Chess.com INT"]
[Date "2021.02.19"]
[Round "2.8"]
[White "Shejwalkar, Saurabha"]
[Black "Rozenfeld, Yevgeniy"]
[Result "1-0"]
[WhiteElo "1817"]
[BlackElo "1937"]
[PlyCount "59"]
[EventDate "2021.02.19"]
[EventType "team (rapid)"]
[EventRounds "7"]
[EventCountry "USA"]
[SourceTitle "EXT 2022"]
[Source "ChessBase"]
[SourceDate "2021.10.06"]
[SourceVersion "1"]
[SourceVersionDate "2021.10.06"]
[SourceQuality "1"]
[WhiteTeam "Jio Platforms"]
[BlackTeam "Microsoft"]
[WhiteTeamCountry "IND"]
[BlackTeamCountry "BEL"]

1. e4 c5 2. c3 Nf6 3. e5 Nd5 4. d4 cxd4 5. cxd4 d6 6. exd6 Qxd6 7. Nc3 Nc6 8. Bc4 Nb6 9. Bb5 Bd7 10. Nf3 a6 11. Bd3 Nxd4 12. Nxd4 Qxd4 13. Be3 Qb4 14. 0-0 e6 15. a3 Qxb2 16. Qe1 Na4 17. Bd4 Nxc3 18. Bxc3 Qb6 19. Rb1 Qc7 20. Ba5 Qd6 21. Be4 Bc6 22. Qe3 Qxa3 23. Bxc6+ bxc6 24. Qb6 Qa4 25. Qb7 Rd8 26. Bxd8 Ba3 27. Rfd1 0-0 28. Be7 Bxe7 29. Qxe7 a5 30. Rd8 1-0

[Event "Washington State-chB"]
[Site "Kirkland"]
[Date "2020.02.17"]
[Round "9"]
[White "Rozenfeld, Yevgeniy"]
[Black "Nguyen, Thanh Tien"]
[Result "1-0"]
[WhiteElo "1906"]
[BlackElo "1985"]
[PlyCount "140"]
[EventDate "2020.02.08"]
[EventType "tourn"]
[EventRounds "9"]
[EventCountry "USA"]
[SourceTitle "EXT 2023"]
[Source "ChessBase"]
[SourceDate "2022.10.05"]
[SourceVersion "1"]
[SourceVersionDate "2022.10.05"]
[SourceQuality "1"]

1. e4 d6 2. d4 g6 3. Nf3 Nf6 4. Nbd2 Bg7 5. Bc4 Nxe4 6. Nxe4 d5 7. Bd3 dxe4 8. Bxe4 c5 9. Be3 f5 10. Bd3 cxd4 11. Bxd4 Bxd4 12. Nxd4 Bd7 13. Qe2 Qa5+ 14. c3 Nc6 15. Nb5 a6 16. Nd6+ Kf8 17. Nc4 Qc7 18. Qe3 Rd8 19. Qh6+ Kf7 20. 0-0 Be6 21. Be2 b5 22. Nd2 Ne5 23. Rfe1 Bd5 24. Qe3 Rd7 25. a4 bxa4 26. Rxa4 Qb8 27. Rb4 Qc7 28. Rd4 Kg7 29. h3 Nc6 30. Rh4 h6 31. Bxa6 e5 32. Ra4 Rb8 33. b4 Re7 34. Qc5 Qd7 35. Rd1 Bb3 36. Raa1 Bxd1 37. Rxd1 Na7 38. Be2 Qc7 39. Qe3 Nb5 40. c4 Nd4 41. b5 Rd8 42. Rb1 e4 43. Qc3 Qe5 44. Qa5 Nxe2+ 45. Kf1 Rxd2 46. Qxd2 Nd4 47. Rd1 Nb3 48. Qb4 e3 49. fxe3 Qxe3 50. Qd6 Nc5 51. b6 g5 52. Qd4+ Qxd4 53. Rxd4 Rb7 54. Rd5 Ne6 55. c5 Kf6 56. Rd6 Ke7 57. Rd5 Kf6 58. Ke1 Nf4 59. Rd6+ Ke5 60. c6 Rxb6 61. c7 Nxg2+ 62. Ke2 Rb2+ 63. Rd2 Nf4+ 64. Kd1 Rxd2+ 65. Kxd2 Nxh3 66. c8Q Kf4 67. Qh8 Kg3 68. Qxh6 f4 69. Ke2 Kg2 70. Qh5 Ng1+ 1-0

[Event "Washington State-chB"]
[Site "Kirkland"]
[Date "2020.02.15"]
[Round "6"]
[White "Jiang, Brandon"]
[Black "Rozenfeld, Yevgeniy"]
[Result "1/2-1/2"]
[WhiteElo "1916"]
[BlackElo "1906"]
[PlyCount "135"]
[EventDate "2020.02.08"]
[EventType "tourn"]
[EventRounds "9"]
[EventCountry "USA"]
[SourceTitle "EXT 2023"]
[Source "ChessBase"]
[SourceDate "2022.10.05"]
[SourceVersion "1"]
[SourceVersionDate "2022.10.05"]
[SourceQuality "1"]

1. e4 c5 2. Nc3 Nc6 3. f4 g6 4. Bb5 Nd4 5. Bc4 Bg7 6. Nf3 a6 7. Nxd4 cxd4 8. Ne2 e6 9. d3 Ne7 10. 0-0 d5 11. Bb3 dxe4 12. dxe4 0-0 13. Rf3 Nc6 14. Bd2 e5 15. f5 gxf5 16. exf5 e4 17. Rg3 e3 18. Bxe3 dxe3 19. Qxd8 Nxd8 20. f6 Be6 21. Nf4 Bxb3 22. axb3 Rc8 23. Nh5 Rc6 24. Re1 Rxf6 25. Nxf6+ Kh8 26. Rf3 Nc6 27. Rexe3 Nd4 28. Rf2 Nxc2 29. Rxc2 Bxf6 30. Kf1 Rd8 31. Ke2 Kg7 32. Rd3 Re8+ 33. Kf3 Re6 34. Re3 Rb6 35. Ke2 Rb5 36. Rg3+ Kf8 37. Rc8+ Ke7 38. Re3+ Kd6 39. Rd3+ Ke7 40. Rc7+ Ke6 41. Re3+ Be5 42. Rc2 Kf5 43. Rh3 Kg6 44. Kd2 Rd5+ 45. Rd3 Rb5 46. h3 h5 47. Kc1 f6 48. Rc4 Kf5 49. Kc2 Kg6 50. Rd7 Rb6 51. Rd8 Rb5 52. Rg8+ Kh7 53. Rd8 Kg6 54. Rd7 Rb6 55. Rd3 Rb5 56. b4 Rb6 57. b3 Rb5 58. Rd7 Rb6 59. Kd3 Rb5 60. Kd2 Rb6 61. Kd3 Rb5 62. Re4 Rb6 63. Kc4 Bd6 64. Re6 Rxb4+ 65. Kc3 Bc5 66. Rc7 b6 67. Rcc6 Rf4 68. Re2 1/2-1/2

[Event "Washington State-chC"]
[Site "Redmond"]
[Date "2019.02.23"]
[Round "6"]
[White "Deshpande, Aaryan"]
[Black "Rozenfeld, Yevgeniy"]
[Result "0-1"]
[WhiteElo "1915"]
[BlackElo "1905"]
[PlyCount "95"]
[EventDate "2019.02.16"]
[EventType "tourn"]
[EventRounds "9"]
[EventCountry "USA"]
[SourceTitle "EXT 2023"]
[Source "ChessBase"]
[SourceDate "2022.10.05"]
[SourceVersion "1"]
[SourceVersionDate "2022.10.05"]
[SourceQuality "1"]

1. Nf3 Nf6 2. d4 g6 3. Nc3 d5 4. Bf4 Bg7 5. e3 c6 6. h3 Nbd7 7. Be2 0-0 8. 0-0 b6 9. Ne5 Nxe5 10. Bxe5 Bb7 11. f4 Nd7 12. Bxg7 Kxg7 13. g4 e6 14. g5 Rh8 15. Qe1 h6 16. h4 c5 17. Qg3 h5 18. Nd1 cxd4 19. exd4 Qc8 20. c3 Ba6 21. Bxa6 Qxa6 22. Nf2 Nb8 23. f5 gxf5 24. Nd3 Nc6 25. Nf4 Ne7 26. Qf3 Ng6 27. Nxg6 fxg6 28. Qe3 Rae8 29. Qe5+ Kh7 30. Qf6 Qb7 31. Rae1 Qe7 32. Qxe7+ Rxe7 33. Re5 Kg7 34. Kg2 Rc8 35. Kf3 Kf7 36. Kf4 b5 37. Re3 b4 38. Rfe1 bxc3 39. bxc3 Rc6 40. Ke5 Rb7 41. R1e2 Rb1 42. Rc2 Rh1 43. Rb2 Rb6 44. Rxb6 axb6 45. Kd6 Rxh4 46. Rxe6 Re4 47. Rf6+ Kg7 48. Kxd5 0-1